illicit affairs - Taylor Swift (All Lyrics) - Statistics

General Stats
  • This quiz has been taken 5,143 times
  • The average score is 198 of 239
Answer Stats
Answer % Correct
a
99%
A
99%
I
99%
you
98%
You
98%
me
97%
That
97%
that
97%
And
96%
and
96%
the
96%
affairs
95%
illicit
95%
don't
93%
Don't
93%
see
93%
can
92%
for
92%
For
92%
time
92%
with
92%
when
91%
about
90%
baby
90%
call
90%
kid
90%
Look
90%
million
90%
thing
90%
times
90%
at
89%
little
89%
made
89%
on
89%
that's
89%
this
89%
can't
87%
know
87%
show
87%
your
87%
anyone
86%
be
86%
else
86%
they
86%
They
86%
meeting
85%
no
85%
mess
84%
colors
83%
leave
83%
Leave
83%
showed
83%
out
82%
fool
81%
just
81%
would
81%
idiotic
80%
lie
80%
Tell
80%
well
80%
you're
80%
friends
79%
in
79%
myself
79%
run
79%
secret
79%
stares
79%
What
79%
what
79%
damn
78%
language
78%
one
78%
ruin
78%
speak
78%
single
77%
him
76%
meetings
76%
return
76%
perfume
75%
scream
75%
you'll
75%
godforsaken
74%
parking
74%
taught
74%
wanna
74%
But
73%
flushed
73%
lots
73%
Make
73%
shelf
73%
down
72%
it
72%
keep
72%
Take
72%
eyes
71%
sure
71%
are
70%
head
70%
nobody
70%
picked
70%
sees
70%
behind
69%
Ends
69%
longing
69%
trace
69%
beautiful
68%
Like
68%
rooms
68%
started
68%
always
67%
even
67%
So
67%
stolen
67%
by
66%
exist
66%
stop
66%
dies
65%
over
65%
road
65%
truth
65%
clandestine
64%
first
64%
hundred
64%
less
64%
yourself
64%
few
63%
only
63%
words
61%
Hood
60%
traveled
60%
high
59%
their
59%
drug
58%
worked
56%
from
53%
glance
52%
born
49%
It's
48%
dwindling
45%
mercurial
45%
No matching quizzes found
Score Distribution
Percent of People with Each Score
Percentile by Number Answered
Your Score History
You have not taken this quiz